Southville International School and Colleges
Your cart is empty.
  • Cart
  • Lists
    Public lists Eva Luna New books Lux_list list_1
    Your lists Log in to create your own lists
  • Log in to your account
  • Your cookies
  • Search history
Southville International School and Colleges
  • Advanced search
  • Recent comments
  • Most popular
  • Libraries

Log in to your account

Log in with GOOGLE


If you do not have an external account, but do have a local account, you can still log in:

  1. Home
  2. MARC view: Oncology nursing clinical reference./
Normal view MARC view ISBD view

Oncology nursing clinical reference./ (Record no. 20864)

[ view plain ]
MARC details
000 -LEADER
fixed length control field 00535nam a2200193 a 4500
005 - DATE AND TIME OF LATEST TRANSACTION
control field 20140310183256.0
008 - FIXED-LENGTH DATA ELEMENTS--GENERAL INFORMATION
fixed length control field 041103s19uu xx 00 eng d
050 ## - LIBRARY OF CONGRESS CALL NUMBER
Classification number RC 266
Item number .Ot91 2004
100 ## - MAIN ENTRY--PERSONAL NAME
Personal name Otto, Shirley E.
245 ## - TITLE STATEMENT
Title Oncology nursing clinical reference./
Statement of responsibility, etc Shirley E. Otto.
260 ## - PUBLICATION, DISTRIBUTION, ETC. (IMPRINT)
Place of publication, distribution, etc USA :
Name of publisher, distributor, etc Mosby, Inc.
Date of publication, distribution, etc c2004.
300 ## - PHYSICAL DESCRIPTION
Extent xvi. 507 p. :
Dimensions 19 cm.
521 ## - TARGET AUDIENCE NOTE
Target audience note
650 ## - SUBJECT ADDED ENTRY--TOPICAL TERM
Topical term or geographic name as entry element Cancer
General subdivision Nursing.
650 ## - SUBJECT ADDED ENTRY--TOPICAL TERM
Topical term or geographic name as entry element Neoplasms
General subdivision Theraphy.
650 ## - SUBJECT ADDED ENTRY--TOPICAL TERM
Topical term or geographic name as entry element Oncologic Nursing.
942 ## - ADDED ENTRY ELEMENTS (KOHA)
Koha item type Books
Source of classification or shelving scheme Library of Congress Classification
Call number prefix Foreign
Holdings
Withdrawn status Lost status Source of classification or shelving scheme Damaged status Home library Current library Shelving location Date acquired Total Checkouts Full call number Barcode Date last seen Copy number Price effective from Koha item type
    Library of Congress Classification   College Library College Library General Circulation Section 11/03/2004   RC 266 .Ot91 2004 C5589 05/15/2018 1 03/10/2014 Books

Oncology nursing clinical reference./

APA

Otto S. E., . (2004). Oncology nursing clinical reference. USA: Mosby, Inc.

Chicago

Otto Shirley E, . 2004. Oncology nursing clinical reference. USA: Mosby, Inc.

Harvard

Otto S. E., . (2004). Oncology nursing clinical reference. USA: Mosby, Inc.

MLA

Otto Shirley E, . Oncology nursing clinical reference. USA: Mosby, Inc. 2004.

  • Place hold
  • Print
  • Cite
  • Add to your cart (remove)
  • Save record
    BIBTEX Dublin Core MARCXML MARC (non-Unicode/MARC-8) MARC (Unicode/UTF-8) MARC (Unicode/UTF-8, Standard) MODS (XML) RIS
  • More searches
    Search for this title in:
    Other Libraries (WorldCat) Other Databases (Google Scholar) Online Stores (Bookfinder.com) Open Library (openlibrary.org)

Exporting to Dublin Core...

SOUTHVILLE LIBRARY

Southville International School and Colleges Library

1281 Tropical Ave. Cor. Luxembourg St., BF Homes International, Las Pinas City

Tel. No. 8256374 / 252358 Loc. 117/146

Powered by Koha